00251nam a2200097Ia 4500100002100000654003000021245004200051260003300093082001500126546001200141 aDerfler & Freed  aWindows for work groups aGuide to Windows for work Groups bZiff.DavisaCaliforniac1991 a005.13 'W' aENGLISH